Million Dollar Houses (The Painter) lyrics - Statistics

General Stats
  • This quiz has been taken 16 times
  • The average score is 291 of 344
Answer Stats
Answer % Correct
a
100%
am
100%
an
100%
and
100%
blue
100%
cause
100%
coast
100%
darling
100%
deserves
100%
ever
100%
folks
100%
for
100%
gonna
100%
he
100%
heart
100%
houses
100%
I
100%
if
100%
just
100%
leave
100%
make
100%
me
100%
most
100%
no
100%
old
100%
on
100%
painter
100%
painting
100%
rich
100%
so
100%
somebody
100%
the
100%
to
100%
try
100%
was
100%
what
100%
who
100%
would
100%
you
100%
your
100%
bones
86%
broken
86%
but
86%
can
86%
can't
86%
diamonds
86%
dollars
86%
don't
86%
dont
86%
give
86%
gold
86%
hand
86%
home
86%
how
86%
I'm
86%
I've
86%
keep
86%
kill
86%
million
86%
money
86%
my
86%
nobody's
86%
only
86%
run
86%
she
86%
steal
86%
this
86%
we
86%
with
86%
you're
86%
all
71%
around
71%
as
71%
asleep
71%
baby
71%
bleeding
71%
blood
71%
calling
71%
doctor
71%
fall
71%
guts
71%
hates
71%
like
71%
love
71%
medication
71%
move
71%
moved
71%
now
71%
ocean
71%
out
71%
planned
71%
remember
71%
shotgun
71%
slow
71%
someone's
71%
sometimes
71%
still
71%
stop
71%
then
71%
things
71%
through
71%
till
71%
tried
71%
way
71%
we've
71%
wont
71%
work
71%
brighter
57%
bullet
57%
burning
57%
die
57%
fight
57%
flames
57%
from
57%
I'll
57%
is
57%
live
57%
looks
57%
lose
57%
maybe
57%
meant
57%
moon
57%
of
57%
ones
57%
permanently
57%
splash
57%
stole
57%
sun
57%
tattoo
57%
than
57%
times
57%
up
57%
were
57%
yours
57%
arm
43%
awaken
43%
bang
43%
even
43%
fuck
43%
hope
43%
name
43%
she's
43%
there's
43%
want
43%
wrists
43%
her
29%
sheets
29%
No matching quizzes found
Score Distribution
Percent of People with Each Score
Percentile by Number Answered
Your Score History
You have not taken this quiz